Asterix XXIX-XXXII / (Záznam č. 34212)
| 000 -Návěští | |
|---|---|
| Řídící pole kódované 24B | 03772nam a2200649 i 4500 |
| 001 - Kontrolní číslo | |
| Řídící pole proměnné | nkc20243627777 |
| 003 - Identifikátor kontrolního čísla | |
| Řídící pole proměnné | CZ PrNK |
| 005 - Datum posledního zpracování | |
| Řídící pole 16B | 20260422105812.0 |
| 007 - Pole pevné délky pro fyzický popis | |
| Řídící pole kódované | ta |
| 008 - Údaje pevné délky | |
| Řídící pole kódované 40B | 240830s2024 xr a c 6 000 1 cze |
| 015 ## - | |
| -- | cnb003627777 |
| 020 ## - ISBN | |
| ISBN | 978-80-252-5948-1 |
| -- | (vázáno) : |
| Dostupnost | Kč 549,00 |
| 035 ## - | |
| -- | (OCoLC)1505965816 |
| 040 ## - Zdroj katalogizace-agentura | |
| Agentura původní katalogizace | ABG001 |
| Jazyk katalogizace | cze |
| Agentura upravující záznam | ABA001 |
| Použitá pravidla popisu | rda |
| 041 1# - Kód jazyka | |
| Kód jazyka textu/zvuku, mezititulků | cze |
| Kód jazyka originálu | fre |
| 072 #7 - Kód předmětové kategorie - Konspekt | |
| Předmětová kategorie | 741.52 |
| Zpřesnění předmětové kategorie | Komiksy. Komiksové adaptace |
| Zdroj předmětové klasifikace | Konspekt |
| -- | 21 |
| 072 #7 - Kód předmětové kategorie - Konspekt | |
| Předmětová kategorie | 821-93 |
| Zpřesnění předmětové kategorie | Literatura pro děti a mládež (beletrie) |
| Zdroj předmětové klasifikace | Konspekt |
| -- | 26 |
| 080 ## - MDT | |
| Klasifikační znak MDT | 741.52(0:82-321.6) |
| Idetifikátor vydání MDT | MRF |
| 080 ## - MDT | |
| Klasifikační znak MDT | 741.52(0:82-321.5) |
| Idetifikátor vydání MDT | MRF |
| 080 ## - MDT | |
| Klasifikační znak MDT | 821-93 |
| Idetifikátor vydání MDT | MRF |
| 044 ## - Kód země vydání/výroby | |
| Kód geografické oblasti/země | xr |
| 100 1# - Hlavní záhlaví - osobní jméno autora | |
| Osobní jméno | Uderzo, Albert, |
| Datumy související se jménem | 1927-2020 |
| -- | jn20001005640 |
| Kód role | aut |
| -- | ill |
| 9 (RLIN) | 12012 |
| 245 10 - Údaje o názvu | |
| Název | Asterix XXIX-XXXII / |
| Údaj o odpovědností, atd. | text a kresby Albert Uderzo ; z francouzských originálů přeložil Michal Lázňovský |
| 250 ## - Údaje o vydání | |
| Označení vydání | 2. vydání |
| 264 #1 - Nakladatelské údaje | |
| Místo vydání | V Praze : |
| Nakladatel | Alicanto, |
| Rok vydání | 2024 |
| 300 ## - Fyzický popis | |
| Rozsah | 196 stran : |
| další fyzické údaje | barevné ilustrace ; |
| Rozměry | 30 cm |
| 336 ## - | |
| -- | text |
| -- | txt |
| -- | rdacontent |
| 336 ## - | |
| -- | statický obraz |
| -- | sti |
| -- | rdacontent |
| 337 ## - | |
| -- | bez média |
| -- | n |
| -- | rdamedia |
| 338 ## - | |
| -- | svazek |
| -- | nc |
| -- | rdacarrier |
| 490 1# - Údaje o edici | |
| Údaje o edici | Asterixova dobrodružství |
| 500 ## - Všeobecná poznámka | |
| Text obecné poznámky | Nad názvem: Goscinny a Uderzo uvádějí Asterixova dobrodružství |
| 505 00 - Fomátovaná poznámka k obsahu | |
| Názvy | Růže a meč -- |
| -- | Obelix a Caesarova galéra -- |
| -- | Asterix a Latraviata -- |
| -- | Galský školní rok |
| 520 2# - Anotace | |
| Anotace, atd. | Tři dlouhé kreslené příběhy galského válečníka Asterixe a jeho přátel a čtrnáct krátkých příběhů, které porůznu vycházely časopisecky. |
| Rozšířený text anotace | V prvním příběhu do galské vesnice přicestuje Maestria - učitelka. Bard Trubadix je pohoršen. Vyučování bylo přece vždycky jen výsadou druidů, případně bardů. Ale Maestria se zdá být pěkně od rány. Vedle klasického vzdělávání se totiž také rozhodla ženám z vesnice osvětlit, co je to rovnoprávnost pohlaví. Ve druhém příběhu skupina otroků ukradla Caesarovu galéru a míří s ní přímo ke břehům Galie. V dalším příběhu se Asterix s Obelixem stanou vlastníky meče a přilby patřící vysokému římskému hodnostáři. Pompeius se lstí pokusí tyto slavné válečné trofeje získat zpět. Poslední část knihy tvoří čtrnáct Asterixových dobrodružství, které byly dosud publikovány jednotlivě v různých časopisech a několik stránek dosud nevydaných stripů Alberta Uderza. |
| 521 8# - | |
| -- | Pro čtenáře od 9 let |
| 655 #7 - Rejstříkový termín - žánr/forma | |
| Žánr/forma či základní termín | historické komiksy |
| -- | fd1057475 |
| -- | czenas |
| -- | 9242 |
| 655 #7 - Rejstříkový termín - žánr/forma | |
| Žánr/forma či základní termín | humoristické komiksy |
| -- | fd1057480 |
| -- | czenas |
| -- | 9241 |
| 655 #7 - Rejstříkový termín - žánr/forma | |
| Žánr/forma či základní termín | publikace pro děti |
| -- | fd133156 |
| -- | czenas |
| 655 #9 - Rejstříkový termín - žánr/forma | |
| Žánr/forma či základní termín | historical comics |
| -- | eczenas |
| -- | 9244 |
| 655 #9 - Rejstříkový termín - žánr/forma | |
| Žánr/forma či základní termín | humorous comics |
| -- | eczenas |
| -- | 9243 |
| 655 #9 - Rejstříkový termín - žánr/forma | |
| Žánr/forma či základní termín | children's literature |
| -- | eczenas |
| 700 1# - Vedlejší záhlaví - osobní jméno autora | |
| Osobní jméno | Goscinny, René, |
| Datumy související se jménem | 1926-1977 |
| -- | jn20000602144 |
| Kód role | aut |
| 9 (RLIN) | 1274 |
| 700 1# - Vedlejší záhlaví - osobní jméno autora | |
| Osobní jméno | Lázňovský, Michal, |
| Datumy související se jménem | 1947- |
| -- | jk01071703 |
| Kód role | trl |
| 9 (RLIN) | 6560 |
| 700 12 - Vedlejší záhlaví - osobní jméno autora | |
| Osobní jméno | Uderzo, Albert, |
| Datumy související se jménem | 1927-2020. |
| Název díla | Rose et le glaive. |
| Jazyk díla | Česky |
| -- | aun20251253257 |
| 9 (RLIN) | 20699 |
| 700 12 - Vedlejší záhlaví - osobní jméno autora | |
| Osobní jméno | Uderzo, Albert, |
| Datumy související se jménem | 1927-2020. |
| Název díla | Galère d'Obélix. |
| Jazyk díla | Česky |
| -- | aun20251253259 |
| 9 (RLIN) | 20700 |
| 700 12 - Vedlejší záhlaví - osobní jméno autora | |
| Osobní jméno | Uderzo, Albert, |
| Datumy související se jménem | 1927-2020. |
| Název díla | Astérix et Latraviata. |
| Jazyk díla | Česky |
| -- | aun20251253261 |
| 9 (RLIN) | 20701 |
| 700 12 - Vedlejší záhlaví - osobní jméno autora | |
| Osobní jméno | Goscinny, René, |
| Datumy související se jménem | 1926-1977. |
| Název díla | Astérix et la rentrée gauloise. |
| Jazyk díla | Česky |
| -- | aun20251253263 |
| 9 (RLIN) | 20702 |
| 787 08 - | |
| -- | Z cyklu: |
| -- | Asterixova dobrodružství |
| 830 #0 - | |
| -- | Asterixova dobrodružství (Alicanto) |
| -- | 20703 |
| 856 41 - Elektronická adresa umístění a přístupu | |
| Adresa elektronického zdroje | <a href="https://ndk.cz/uuid/uuid:3005a5a0-ba28-11f0-80f1-5ef3fc9bb22f">https://ndk.cz/uuid/uuid:3005a5a0-ba28-11f0-80f1-5ef3fc9bb22f</a> |
| Text odkazu | Digitalizovaný dokument |
| 901 ## - | |
| -- | 9788025259481 |
| -- | 2. vydání |
| -- | 20250224 |
| 928 9# - | |
| -- | Albatros Media - Alicanto |
| 998 ## - Místní kontrolní číslo (RLIN) | |
| -- | 003627777 |
| 910 ## - Údaje o vlastníkovi jednotky (exempláře) | |
| Sigla vlastníka jednotky | ABG508 |
| 993 ## - pracovní čísla | |
| -- | 382.00 |
| -- | 549.00 |
| -- | Team Business |
| -- | 2026-04-22 |
| -- | 1076115 |
Žádné dostupné jednotky.